Регионална библиотека "Любен Каравелов" - Русе

Шекспир (Запис номер 181050)

MARC детайли
000 -Лидер
Контролно поле с фиксирана дължина 01922nam a2200385 c 4500
003 - Код на организацията, давaща контролен номер
Контролно поле BLK
005 - Дата и час на последна редакция
Контролно поле 20241106102921.0
008 - Елементи от данни с фиксирана дължина
fixed length control field 180411b bul|||||r ||||||| ||bul||
010 ## - Наследен системен номер
LC control number KNG00189942000
040 ## - Източник на каталожния запис
Идентификатор на билиотеката - собственик на записа BLK
041 ## - Код за език
Код за езика на текст/звукозапис или на отделно заглавие Български
Код за езика КДБФ Български
080 ## - УДК
Текстов определител УДК Английска литература
УДК код - определител по УДК 821.111
УДК определител (092)
УДК - код + определител 821.111(092)
080 ## - УДК
Текстов определител УДК Английски драматург и поет
УДК код - определител по УДК 929 Шекспир, Уилям
УДК определител
УДК - код + определител 929 Шекспир, Уилям
100 1# - Редна дума - Автор
Автор Бърджес, Антъни
Авторска отговорност първи автор
R(LIN) 316261
139 ## - Редно поле
Редна дума Бърджес, Адриен
Авторски знак Шек - Ш 50
245 10 - Сведения за заглавието
Заглавие Шекспир
Подзаглавни данни Шекспир: Биогр.
Редно поле (дума) Антъни Бърджес; прев. от англ. Димитър Стефанов; с предг. от Марко Константинов Минков.
257 ## - Страна на издаване
Страна на създаване/издаване Великобритания
260 ## - Област на издателските данни
-- София
Име на издателя, разпространителя и проч. Нар. култура
Година на издаване 1983
Печатница В. Търново : Д. Найденов
300 ## - Физическа характеристика
Страници 248 с., 8 л. 7 ил., портр.
Размери/Мащаб 21 см
380 ## - Жанр
Жанр Литературознание
490 1# - СЕРИИ (Колекции)
Име на серия Библиотека Световни образи
500 ## - Общи забележки
Забележка Ориг. загл. Shakespeare / Anthony Burgess. - Авт. не е отбелязан на кор. - 10 125 тир.
650 #4 - Допълнително описание по предмет – тема
Основно описание – тема или топоним Поети, английски
9 (RLIN) 256160
650 #4 - Допълнително описание по предмет – тема
Основно описание – тема или топоним Шекспир, Уилям - биографии
9 (RLIN) 342415
653 ## - Ключова дума – ненормативна
Ключова дума английска литература
653 ## - Ключова дума – ненормативна
Ключова дума биографии
700 1# - Други автори (авторска отговорност)
Лично име Стефанов, Димитър
Автороска отговорност (Описва отношението между автора и произведението) прев. от англ.
Друга информация Бъчваров, Димитър Стефанов
9 (RLIN) 363780
700 1# - Други автори (авторска отговорност)
Лично име Минков, Марко Константинов
Дати, свързани с автора 1909 - 1987
Друга информация Преводач от английски език
9 (RLIN) 96338
852 ## - Местоположение
Форматна сигнатура Цб 124702
856 4# - Електронен адрес и достъп
Електронен формат pdf - файл
Път до файла /url/
856 4# - Електронен адрес и достъп
Електронен формат pdf - файл
Път до файла /url/
942 ## - АРТИКУЛИ
Вид на библиотечния материал Книги
Скрит в OPAC Не
944 ## - СЪЗДАВАНЕ И РЕДАКЦИЯ на ЗАПИСА
Създаване/Редакция Създаване
Дата на регистрацията/редакция 19.08.2016
Служител, извършил регистрацията/редакцията 30560
Статус, дата на статуса Геновева Генчева
944 ## - СЪЗДАВАНЕ И РЕДАКЦИЯ на ЗАПИСА
Създаване/Редакция Редакция
Дата на регистрацията/редакция 19.08.2016
Служител, извършил регистрацията/редакцията Теодора_Стоянова
999 ## - СИСТЕМНИ КОНТРОЛНИ НОМЕРА
Koha biblionumber 181050
Koha biblioitemnumber 181050
Наличности
Код за отписване Код за изгубен артикул Източник на класификационната схема Код за повреда Коз за рестрикции Код за отдаване Артикулен № Име на библиотеката - собственик Име на библиотеката, в която се намира в момента Статус (Текущо местоположение) Дата на вписване в системата Местоположение - отдел Цена в лева Инвентарен номер Систематично азбучна сигнатура Баркод Номер на екземпляра Цена в евро Служебна бележка Служебен тип на артикула
  Не е изгубен Universal Decimal Classification Не е повреден без рестрикции ползва се в читалня 310039 Регионална библиотека "Любен Каравелов" Русе Регионална библиотека "Любен Каравелов" Русе Хранилище 1983-01-01 Хранилище 2.72 389910 Цб 124702 120000389910 1 1.39 Вид: Сф Дата: 01.01.1983 Книги
Изтеглен Не е изгубен Universal Decimal Classification Не е повреден без рестрикции заемане за дома 310040 Регионална библиотека "Любен Каравелов" Русе Регионална библиотека "Любен Каравелов" Русе Заемна - подръчен фонд 1983-01-01 Заемна - подръчен фонд 2.72 379913 П 820/Ш 50 379913 2 1.39 Вид: Сф Дата: 01.01.1983 Книги
Изтеглен Не е изгубен Universal Decimal Classification Не е повреден без рестрикции заемане за дома 310041 Регионална библиотека "Любен Каравелов" Русе Регионална библиотека "Любен Каравелов" Русе Заемна - подръчен фонд 1983-01-01 Заемна - подръчен фонд 2.72 379916 П 820/Ш 50 379916 3 1.39 Вид: Сф Дата: 01.01.1983 Дата инв: 21.03.2018 Бележки инв: П2018 Книги
Vip Innovations Ltd, Rousse, Bulgaria 2025